000 00632nam a2200241Ia 4500
001 49613
005 20240114003958.0
007 ta
008 090528s1961 g b000 u 491 u
040 _aCotton College Assam
041 _a491
082 _a491.2
_bK 178 V
100 _aKaviratna, .
245 0 _aVrttamanjari /
_cKaviratna.
_hTextual Documents
250 _a1st ed /
260 _aGauhati :
_bThe Departmentb of Historical and Antiquarian Studies ,
_c1961.
300 _a306p ;
_c23 cm.
653 _aLanguage
653 _aT/G-Language
942 _2ddc
_cBK
999 _c49578
_d49578